[Event "St Petersburg Chigorin CC-ch"]
[Site "St Petersburg"]
[Date "2009.05.21"]
[Round "3"]
[White "Anosov, Sergey"]
[Black "Vunder, Andrei"]
[Result "1/2-1/2"]
[WhiteElo "2071"]
[BlackElo "2259"]
[PlyCount "32"]
[EventDate "2009.05.19"]
[EventType "swiss"]
[EventRounds "9"]
[EventCountry "RUS"]
[SourceTitle "CBM 130 Extra"]
[Source "ChessBase"]
[SourceDate "2009.07.02"]
[SourceVersion "2"]
[SourceVersionDate "2009.07.15"]
[SourceQuality "1"]

1. e4 e6 2. d4 d5 3. Nd2 c5 4. exd5 exd5 5. Bb5+ Bd7 6. Qe2+ Be7 7. Ngf3 Nf6 8. Ne5 0-0 9. Nxd7 Nbxd7 10. c3 Re8 11. 0-0 Bd6 12. Qf3 c4 13. b3 cxb3 14. axb3 a6 15. Bd3 Rc8 16. Bb2 Nf8 1/2-1/2

[Event "St Petersburg Chigorin CC-ch"]
[Site "St Petersburg"]
[Date "2009.05.20"]
[Round "2"]
[White "Kudriavtsev, Yury"]
[Black "Anosov, Sergey"]
[Result "0-1"]
[WhiteElo "1917"]
[BlackElo "2071"]
[PlyCount "65"]
[EventDate "2009.05.19"]
[EventType "swiss"]
[EventRounds "9"]
[EventCountry "RUS"]
[SourceTitle "CBM 130 Extra"]
[Source "ChessBase"]
[SourceDate "2009.07.02"]
[SourceVersion "2"]
[SourceVersionDate "2009.07.15"]
[SourceQuality "1"]

1. e4 Nf6 2. e5 Nd5 3. d4 d6 4. Nf3 g6 5. Bc4 Nb6 6. Bb3 Bg7 7. Ng5 d5 8. f4 e6 9. 0-0 Bd7 10. Nd2 Bb5 11. Rf2 a5 12. a4 Ba6 13. c3 c5 14. dxc5 N6d7 15. c4 Nxc5 16. cxd5 exd5 17. Bc2 h6 18. Ngf3 Nc6 19. Nb3 Ne4 20. Bxe4 dxe4 21. Nfd4 0-0 22. Be3 Nb4 23. Nc5 Nd3 24. Rc2 Nb4 25. Rf2 Bd3 26. Nxb7 Qd5 27. Nd6 f6 28. Qg4 fxe5 29. fxe5 Qxe5 30. Qe6+ Qxe6 31. Nxe6 Rf6 32. Nxg7 Rxd6 33. Bxh6 0-1

[Event "St Petersburg March op"]
[Site "St Petersburg"]
[Date "2009.04.01"]
[Round "3"]
[White "Anosov, Sergey"]
[Black "Pimenov, Revolt"]
[Result "1-0"]
[WhiteElo "2091"]
[BlackElo "2182"]
[PlyCount "90"]
[EventDate "2009.03.30"]
[EventType "swiss"]
[EventRounds "9"]
[EventCountry "RUS"]
[SourceTitle "EXT 2012"]
[Source "ChessBase"]
[SourceDate "2011.11.24"]
[SourceVersion "1"]
[SourceVersionDate "2011.11.24"]
[SourceQuality "1"]

1. e4 e6 2. d4 d5 3. Nd2 Nc6 4. Ngf3 Nf6 5. e5 Nd7 6. c3 f5 7. h4 Be7 8. Ng5 Bxg5 9. Qh5+ g6 10. Qxg5 Qxg5 11. hxg5 Nd8 12. Nf3 b6 13. b3 a5 14. Bb2 Nf7 15. 0-0-0 c5 16. Kb1 0-0 17. Bb5 Nb8 18. c4 Bb7 19. Rhe1 Na6 20. dxc5 Nxc5 21. cxd5 Bxd5 22. Rxd5 exd5 23. e6 Nd6 24. Bc6 Nde4 25. e7 Rfd8 26. exd8Q+ Rxd8 27. Rd1 Nxf2 28. Rxd5 Rxd5 29. Bxd5+ Kf8 30. Bd4 Nfd3 31. Ne5 Nf4 32. Bxc5+ bxc5 33. Bc6 Ke7 34. Nc4 Ne6 35. Nxa5 Nxg5 36. Nc4 Ne6 37. Kb2 Nd4 38. Bd5 h5 39. a4 h4 40. Kc3 f4 41. b4 f3 42. b5 f2 43. Nd2 Kd8 44. Bc4 g5 45. Ne4 Ke7 1-0

[Event "St Petersburg Autumn op"]
[Site "St Petersburg"]
[Date "2009.??.??"]
[Round "5"]
[White "Anosov, Sergey"]
[Black "Andreeva, Yuliya"]
[Result "1-0"]
[WhiteElo "2085"]
[BlackElo "1840"]
[PlyCount "115"]
[EventDate "2009.10.??"]
[EventType "swiss"]
[EventRounds "9"]
[EventCountry "RUS"]
[SourceTitle "EXT 2011"]
[Source "ChessBase"]
[SourceDate "2010.11.26"]
[SourceVersion "1"]
[SourceVersionDate "2010.11.26"]
[SourceQuality "1"]

1. e4 c6 2. d4 d5 3. Nc3 dxe4 4. Nxe4 Bf5 5. Ng3 Bg6 6. h4 h6 7. Bc4 e6 8. N1e2 Be7 9. Nf4 Bh7 10. Bxe6 Nf6 11. Bc4 Nbd7 12. Bd3 Bxd3 13. Qxd3 0-0 14. Bd2 Nd5 15. Nf5 Bf6 16. 0-0-0 Nxf4 17. Bxf4 Qa5 18. Kb1 Kh8 19. g4 Rad8 20. Bd6 Rfe8 21. g5 g6 22. Nxh6 Kg7 23. Qf3 Qd5 24. Qxd5 cxd5 25. Ng4 Be7 26. Bf4 Bf8 27. Rde1 Be7 28. Rh3 Bb4 29. Ree3 Rxe3 30. Nxe3 Be1 31. Rh2 Ba5 32. Nxd5 Re8 33. Be3 Re4 34. c3 Rg4 35. Rh1 Bd8 36. Kc2 Nf8 37. Kd3 f5 38. gxf6+ Bxf6 39. Nxf6 Kxf6 40. Rh3 Kf7 41. d5 Ra4 42. a3 Ra5 43. c4 Nd7 44. h5 gxh5 45. Rxh5 Nf6 46. Rg5 Nd7 47. Bd4 Ra6 48. Rg7+ Ke8 49. f4 Rh6 50. c5 a6 51. Rg1 Rh3+ 52. Kc4 Rf3 53. c6 bxc6 54. dxc6 Nf8 55. Rg8 Rxf4 56. Kd5 Kf7 57. Rxf8+ Kxf8 58. c7 1-0

[Event "St Petersburg Autumn op"]
[Site "St Petersburg"]
[Date "2009.??.??"]
[Round "3"]
[White "Anosov, Sergey"]
[Black "Dodonov, Vladimir"]
[Result "1-0"]
[WhiteElo "2085"]
[BlackElo "1960"]
[PlyCount "97"]
[EventDate "2009.10.??"]
[EventType "swiss"]
[EventRounds "9"]
[EventCountry "RUS"]
[SourceTitle "EXT 2011"]
[Source "ChessBase"]
[SourceDate "2010.11.26"]
[SourceVersion "1"]
[SourceVersionDate "2010.11.26"]
[SourceQuality "1"]

1. e4 c5 2. c3 Nf6 3. e5 Nd5 4. d4 cxd4 5. Nf3 Nc6 6. Bc4 e6 7. cxd4 d6 8. 0-0 Be7 9. Re1 0-0 10. Nbd2 Nf4 11. exd6 Qxd6 12. Ne4 Qc7 13. g3 Ng6 14. h4 Rd8 15. h5 Nxd4 16. hxg6 Qxc4 17. Ne5 Qd5 18. gxh7+ Kh8 19. Nxf7+ Kxh7 20. Nxd8 Bxd8 21. Qd3 Kg8 22. Rd1 e5 23. Kg2 Bf5 24. f3 Qe6 25. Be3 Bh3+ 26. Kf2 Qf5 27. Bxd4 exd4 28. Nd6 Qd7 29. Rh1 Be7 30. Ne4 Rf8 31. Rh2 Bf5 32. Rah1 Rf6 33. Nxf6+ Bxf6 34. Rh8+ Kf7 35. Qc4+ Be6 36. Qc5 Be7 37. Qh5+ Kf6 38. Rh4 Bd6 39. f4 Bf5 40. Qg5+ Kf7 41. g4 Be4 42. f5 Be5 43. Rd8 Qc6 44. Qg6+ Qxg6 45. fxg6+ Kxg6 46. Rh5 Bf6 47. Rd6 Kf7 48. g5 Be5 49. g6+ 1-0

[Event "St Petersburg Nov op"]
[Site "St Petersburg"]
[Date "2008.11.08"]
[Round "8"]
[White "Anosov, Sergey"]
[Black "Tokareva, Tatiana"]
[Result "1-0"]
[WhiteElo "2046"]
[BlackElo "1953"]
[PlyCount "58"]
[EventDate "2008.11.01"]
[EventType "swiss"]
[EventRounds "9"]
[EventCountry "RUS"]
[SourceTitle "EXT 2010"]
[Source "ChessBase"]
[SourceDate "2010.11.25"]
[SourceVersion "1"]
[SourceVersionDate "2010.11.25"]
[SourceQuality "1"]

1. e4 e5 2. Nf3 Nf6 3. Nc3 Nc6 4. d4 exd4 5. Nxd4 Bc5 6. Be3 Bb6 7. Be2 d6 8. f3 0-0 9. Qd2 a6 10. 0-0-0 Nxd4 11. Bxd4 Bxd4 12. Qxd4 Bd7 13. g4 Bb5 14. h4 Bxe2 15. Nxe2 b5 16. Ng3 c5 17. Qxd6 Qa5 18. Kb1 b4 19. g5 Rfd8 20. Qf4 Ne8 21. Nf5 Rxd1+ 22. Rxd1 Rd8 23. Rd5 Rxd5 24. exd5 Qd8 25. Qe5 Kf8 26. d6 c4 27. f4 a5 28. Kc1 f6 29. Qe6 c3 1-0

[Event "St Petersburg Chigorin CC-ch"]
[Site "St Petersburg"]
[Date "2008.05.23"]
[Round "9"]
[White "Anosov, Sergey"]
[Black "Klobukov, Alexey"]
[Result "1-0"]
[WhiteElo "2070"]
[BlackElo "2029"]
[PlyCount "142"]
[EventDate "2008.05.13"]
[EventType "swiss"]
[EventRounds "9"]
[EventCountry "RUS"]
[SourceTitle "CBM 124 Extra"]
[Source "ChessBase"]
[SourceDate "2008.07.03"]
[SourceVersion "1"]
[SourceVersionDate "2008.07.03"]
[SourceQuality "1"]

1. e4 g6 2. d4 d6 3. Nf3 Bg7 4. Bc4 Nf6 5. Qe2 d5 6. exd5 Nxd5 7. 0-0 Nc6 8. Bb5 0-0 9. Bxc6 bxc6 10. Ne5 Nb4 11. Qc4 c5 12. Qxc5 Qd6 13. Qc3 Be6 14. Nd2 Nd5 15. Qg3 c5 16. Ne4 Qc7 17. Nxc5 Bxe5 18. Qxe5 Qxe5 19. dxe5 Bf5 20. c3 Rfc8 21. Nb3 a5 22. Nd4 a4 23. Nxf5 gxf5 24. Rd1 e6 25. a3 Rc4 26. Rd4 Rxd4 27. cxd4 Rb8 28. Kf1 Kf8 29. Ke2 Ke8 30. Kd3 Kd7 31. Rb1 h5 32. Bd2 Rb3+ 33. Kc2 h4 34. Rd1 h3 35. g3 f4 36. Bc3 fxg3 37. hxg3 Nxc3 38. bxc3 Rxa3 39. Rh1 Ra2+ 40. Kd3 Rxf2 41. Rxh3 a3 42. Rh8 Rg2 43. Ra8 a2 44. g4 Kc6 45. Kc4 Kb7 46. Ra3 Kb6 47. Kb3 Kc6 48. Rxa2 Rxg4 49. Kc4 Rf4 50. Ra6+ Kb7 51. Rd6 Kc7 52. Kc5 Rf3 53. c4 Rd3 54. Ra6 Kb7 55. Ra2 Rf3 56. Kd6 Rd3 57. d5 exd5 58. cxd5 Rh3 59. Rf2 Rh7 60. Rf6 Kc8 61. Ke7 Rh5 62. Rc6+ Kb7 63. Kf6 Rh7 64. Rc2 Rh6+ 65. Kxf7 Rh7+ 66. Ke6 Rh8 67. Kd7 Rh5 68. Kd6 Rh6+ 69. e6 Rg6 70. Ke7 Rg5 71. d6 Rg3 1-0

[Event "St Petersburg White Nights op"]
[Site "St Petersburg"]
[Date "2007.07.02"]
[Round "8"]
[White "Anosov, Sergey"]
[Black "Guzenko, Artem"]
[Result "0-1"]
[WhiteElo "2004"]
[BlackElo "2162"]
[PlyCount "100"]
[EventDate "2007.06.25"]
[EventType "swiss"]
[EventRounds "9"]
[EventCountry "RUS"]
[SourceTitle "CBM 119 Extra"]
[Source "ChessBase"]
[SourceDate "2007.09.04"]
[SourceVersion "1"]
[SourceVersionDate "2007.09.04"]
[SourceQuality "1"]

1. e4 c5 2. c3 e6 3. d4 Qc7 4. Nf3 d6 5. Bf4 Nd7 6. Na3 a6 7. Bd3 b5 8. 0-0 Bb7 9. Re1 c4 10. Bf1 Ngf6 11. e5 Nd5 12. Bg3 Be7 13. Nc2 0-0 14. Ne3 Rad8 15. Ng4 Ba8 16. a4 N7b6 17. axb5 axb5 18. exd6 Bxd6 19. Bxd6 Rxd6 20. Ng5 Nf4 21. Ne4 Rdd8 22. Ne5 Nbd5 23. h4 Ne7 24. g3 Nfg6 25. f4 Nf5 26. Qg4 Nxd4 27. cxd4 Bxe4 28. h5 Bf5 29. Qf3 Nxe5 30. dxe5 Rd2 31. Re2 Rd7 32. Rh2 Qc5+ 33. Qf2 Qxf2+ 34. Rxf2 h6 35. Bg2 Rd3 36. Bf3 Rb3 37. Kg2 Rd8 38. Rd1 Rxd1 39. Bxd1 Be4+ 40. Kh2 Re3 41. Be2 Kf8 42. g4 Ke7 43. Kg1 Rh3 44. Rh2 Rg3+ 45. Kf2 Rb3 46. g5 Rxb2 47. Ke3 Bf5 48. Rh1 c3 49. Ra1 c2 50. Kd2 Rb1 0-1

[Event "Spring on Petrograd Side"]
[Site "St Petersburg"]
[Date "2007.04.10"]
[Round "2"]
[White "Stroganov, Anatoly"]
[Black "Anosov, Sergey"]
[Result "1-0"]
[WhiteElo "1933"]
[BlackElo "2004"]
[PlyCount "87"]
[EventDate "2007.04.09"]
[EventType "swiss"]
[EventRounds "9"]
[EventCountry "RUS"]
[SourceTitle "EXT 2008"]
[Source "ChessBase"]
[SourceDate "2007.11.25"]
[SourceVersion "1"]
[SourceVersionDate "2007.11.25"]
[SourceQuality "1"]

1. d4 Nf6 2. Nf3 d5 3. Nbd2 e6 4. Ne5 Nbd7 5. g3 c5 6. e3 Nxe5 7. dxe5 Nd7 8. f4 b6 9. Bg2 Bb7 10. 0-0 Be7 11. h3 Qc7 12. Kh2 h5 13. c3 0-0-0 14. a3 h4 15. gxh4 Bxh4 16. Nf3 g5 17. Qe2 Rdg8 18. Bd2 f6 19. Nxh4 gxh4 20. exf6 Nxf6 21. Bf3 Bc6 22. Rg1 Bd7 23. Rxg8+ Rxg8 24. Rg1 Rxg1 25. Kxg1 e5 26. Qg2 Qd6 27. Qg5 e4 28. Bg2 d4 29. cxd4 cxd4 30. Qxh4 dxe3 31. Bxe3 Qd1+ 32. Kh2 Nd5 33. Qh8+ Kc7 34. Qe5+ Kd8 35. Qxe4 Nxe3 36. Qxe3 Qc2 37. b4 Bc6 38. Qd4+ Kc8 39. Qh8+ Kb7 40. Qg7+ Ka6 41. Qg3 Qd2 42. f5 Bxg2 43. Qxg2 Qf4+ 44. Kg1 1-0

[Event "St Petersburg-ch qual"]
[Site "St Petersburg"]
[Date "2006.12.15"]
[Round "9"]
[White "Timchenko, Aleksandr"]
[Black "Anosov, Sergey"]
[Result "1-0"]
[WhiteElo "2100"]
[BlackElo "2080"]
[PlyCount "113"]
[EventDate "2006.11.27"]
[EventType "swiss"]
[EventRounds "10"]
[EventCountry "RUS"]
[SourceTitle "EXT 2008"]
[Source "ChessBase"]
[SourceDate "2007.11.25"]
[SourceVersion "1"]
[SourceVersionDate "2007.11.25"]
[SourceQuality "1"]

1. g3 d5 2. Bg2 Nf6 3. Nf3 c6 4. 0-0 h6 5. d3 Bf5 6. c4 e6 7. Nc3 Nbd7 8. Be3 Be7 9. Qb3 b6 10. cxd5 cxd5 11. Nd4 Bg6 12. Nc6 Qc8 13. Nxe7 Kxe7 14. Rac1 Qb7 15. Qa3+ Kd8 16. Nb5 Ne8 17. Rc2 Nc5 18. Bxc5 bxc5 19. Qxc5 Qb6 20. Rfc1 Qxc5 21. Rxc5 a6 22. Nd4 Kd7 23. f4 Nd6 24. Rc7+ Kd8 25. R1c3 Re8 26. Kf2 Re7 27. Nc6+ Kxc7 28. Nxe7+ Kd7 29. Nxg6 fxg6 30. e4 dxe4 31. dxe4 Rb8 32. b3 Rb6 33. Ke3 a5 34. Bf1 Rb4 35. Bd3 Rb7 36. e5 Nf5+ 37. Bxf5 gxf5 38. h4 Rb4 39. Rc4 Rb5 40. h5 Rb6 41. Kd3 Rb5 42. Kc3 Kd8 43. a3 Ke8 44. b4 axb4+ 45. axb4 Rb7 46. Rd4 Rc7+ 47. Kb3 Rc1 48. b5 Rh1 49. Kb4 Rb1+ 50. Kc5 Rc1+ 51. Kd6 Rb1 52. Kc6 Rc1+ 53. Kb7 Ke7 54. b6 Rc3 55. Kb8 Rb3 56. b7 Rxg3 57. Rd6 1-0

[Event "St Petersburg-ch qual"]
[Site "St Petersburg"]
[Date "2006.12.01"]
[Round "3"]
[White "Anosov, Sergey"]
[Black "Kudriavtsev, Yury"]
[Result "1-0"]
[WhiteElo "2080"]
[BlackElo "1961"]
[PlyCount "87"]
[EventDate "2006.11.27"]
[EventType "swiss"]
[EventRounds "10"]
[EventCountry "RUS"]
[SourceTitle "EXT 2008"]
[Source "ChessBase"]
[SourceDate "2007.11.25"]
[SourceVersion "1"]
[SourceVersionDate "2007.11.25"]
[SourceQuality "1"]

1. e4 e6 2. d4 d5 3. Nd2 Nf6 4. e5 Nfd7 5. f4 c5 6. Ngf3 Nc6 7. Nb3 c4 8. Nbd2 Be7 9. Be2 f6 10. 0-0 0-0 11. c3 fxe5 12. Nxe5 Ndxe5 13. fxe5 Rxf1+ 14. Qxf1 Bd7 15. Bg4 Qb6 16. Nf3 Rf8 17. Qe2 Qd8 18. Be3 b5 19. Qd2 a5 20. Bg5 Bxg5 21. Qxg5 Qxg5 22. Nxg5 Nd8 23. Rf1 Rxf1+ 24. Kxf1 h6 25. Nh3 g5 26. Bh5 Kf8 27. Nf2 Be8 28. Bxe8 Kxe8 29. Ng4 Nf7 30. Ke2 Kd7 31. Kf3 Kc6 32. Nf6 b4 33. Ne8 Kd7 34. Ng7 g4+ 35. Ke3 Ng5 36. Nh5 Ne4 37. Nf6+ Nxf6 38. exf6 bxc3 39. bxc3 Ke8 40. Kf4 Kf7 41. Ke5 a4 42. a3 g3 43. hxg3 h5 44. g4 1-0

[Event "St Petersburg Autumn op"]
[Site "St Petersburg"]
[Date "2006.11.08"]
[Round "9"]
[White "Tokareva, Tatiana"]
[Black "Anosov, Sergey"]
[Result "1-0"]
[WhiteElo "2000"]
[BlackElo "2080"]
[PlyCount "79"]
[EventDate "2006.10.31"]
[EventType "swiss"]
[EventRounds "9"]
[EventCountry "RUS"]
[SourceTitle "EXT 2007"]
[Source "ChessBase"]
[SourceDate "2006.11.23"]
[SourceVersion "1"]
[SourceVersionDate "2006.11.23"]
[SourceQuality "1"]

1. d4 Nf6 2. c4 c5 3. d5 b5 4. Nd2 Qa5 5. Qc2 d6 6. e4 bxc4 7. Bxc4 Nbd7 8. Ngf3 g6 9. 0-0 Bg7 10. Re1 Ng4 11. Bf1 Nge5 12. h3 Ba6 13. Nxe5 Bxe5 14. Nf3 Bg7 15. Bd2 Qb6 16. Bc3 0-0 17. Bxg7 Kxg7 18. Qc3+ Nf6 19. Bxa6 Qxa6 20. Nd2 Rab8 21. Nc4 Rb4 22. b3 Kg8 23. f4 Qb7 24. Qc2 Nd7 25. Na5 Qb6 26. Nc6 Rb5 27. Nxe7+ Kg7 28. Qc3+ f6 29. Kh1 Kf7 30. Nc6 Nb8 31. Nxb8 Qxb8 32. e5 dxe5 33. fxe5 fxe5 34. Rxe5 Kg8 35. Rae1 Qd6 36. Re7 Rf1+ 37. Rxf1 Qxe7 38. d6 Qxd6 39. Re1 Qd5 40. Re8+ 1-0